Statystyki dla Skoczkowie, którzy stanęli na podium w sezonie 2002/2003

Kliknij tutaj aby rozwiązać quiz!

Ogólne statystyki

  • Ten quiz został rozwiązany 25 razy
  • Średni wynik to 12 z 22

Statystyki odpowiedzi

Liczba
podiów
Skoczek/zawodnik% Poprawnych
10Adam Małysz
100%
5Janne Ahonen
82%
11Sven Hannawald
82%
1Noriaki Kasai
77%
4Sigurd Pettersen
68%
1Thomas Morgenstern
64%
3Andreas Goldberger
59%
6Matti Hautamäki
59%
3Primož Peterka
59%
2Bjørn Einar Romøren
55%
1Jakub Janda
55%
2Roar Ljøkelsøy
55%
1Tami Kiuru
50%
2Andreas Kofler
45%
7Martin Höllwarth
45%
8Florian Liegl
41%
5Andreas Widhölzl
36%
2Michael Uhrmann
36%
1Robert Kranjec
32%
2Christian Nagiller
27%
3Hideharu Miyahira
18%
1Mathias Hafele
14%

Rozkład punktacji

Percentyl według liczby udzielonych odpowiedzi

Procent ludzi z każdym wynikiem

Twoja historia wyników

Nie rozwiązałeś tego quizu